000
00462nam a2200145Ia 4500
008
100122s9999 xx 000 0 und d
082
_b
37717
_a
780.72
100
_a
देशपांडे वामन हरि
245
_a
घरंदाज गायकी
260
_b
मौज प्रकाशन गृह
_c
1905
300
_a
133
630
_a
घरंदाज गायकी
730
_a
घरंदाज गायकी
942
_c
BOOK
999
_c
420079
_d
420076